[Event "Scarborough CC Winter End U1800"]
[Site "Toronto CAN"]
[Date "2012.03.01"]
[Round "3"]
[White "Gillis, Doug"]
[Black "Li, Yinshi"]
[Result "0-1"]
[WhiteElo "1612"]
[BlackElo "1691"]
[PlyCount "116"]
[GameId "2160767909576463"]
[EventDate "2012.02.16"]
[EventType "swiss"]
[EventRounds "5"]
[EventCountry "CAN"]
[SourceTitle "EXT 2022"]
[Source "ChessBase"]
[SourceDate "2021.10.06"]
[SourceVersion "1"]
[SourceVersionDate "2021.10.06"]
[SourceQuality "1"]

1. d4 d5 2. Nc3 Bf5 3. Bf4 e6 4. e3 a6 5. g4 Bg6 6. h4 h6 7. Bd3 Bxd3 8. Qxd3 Bd6 9. Nge2 c5 10. Bxd6 Qxd6 11. dxc5 Qxc5 12. Qd4 Qxd4 13. Nxd4 Nf6 14. Rg1 Nc6 15. O-O-O O-O-O 16. g5 hxg5 17. hxg5 Nd7 18. Nxc6 bxc6 19. e4 g6 20. exd5 cxd5 21. Rd4 Ne5 22. Ra4 Kb7 23. Rb4+ Ka7 24. b3 Rc8 25. Kb2 Rh3 26. Ne2 Nf3 27. Rg3 Rxg3 28. Nxg3 Nxg5 29. Rh4 e5 30. f4 exf4 31. Rxf4 Rd8 32. Ne2 Rd7 33. Nd4 Kb7 34. b4 Ne4 35. Nb3 f5 36. Nd4 Rf7 37. a4 Nd6 38. Ne6 Re7 39. Nc5+ Ka7 40. Rd4 Nc4+ 41. Kc3 Ne3 42. b5 axb5 43. axb5 Rc7 44. Kd3 Rxc5 45. Kxe3 Kb6 46. c4 dxc4 47. Rd6+ Kxb5 48. Kd2 g5 49. Kc2 Kb4 50. Kb2 c3+ 51. Kc2 Kc4 52. Kc1 Rd5 53. Rc6+ Kd3 54. Re6 f4 55. Kd1 g4 56. Ke1 Rd4 57. Kd1 f3 58. Ke1 Re4+ 0-1

[Event "Scarborough CC Winter End U1800"]
[Site "Toronto CAN"]
[Date "2012.03.01"]
[Round "3"]
[White "Kurkowski, Ken"]
[Black "Liang, Phillip"]
[Result "0-1"]
[WhiteElo "1598"]
[BlackElo "1532"]
[PlyCount "110"]
[GameId "2160767909576464"]
[EventDate "2012.02.16"]
[EventType "swiss"]
[EventRounds "5"]
[EventCountry "CAN"]
[SourceTitle "EXT 2022"]
[Source "ChessBase"]
[SourceDate "2021.10.06"]
[SourceVersion "1"]
[SourceVersionDate "2021.10.06"]
[SourceQuality "1"]

1. d4 e6 2. c4 Bb4+ 3. Nc3 Nc6 4. Nf3 d6 5. e4 e5 6. d5 Bxc3+ 7. bxc3 Nce7 8. Be2 f5 9. Bd3 fxe4 10. Bxe4 Nf6 11. Nd2 Nxe4 12. Nxe4 O-O 13. O-O Bf5 14. Qe2 b6 15. a4 a5 16. Bg5 Qe8 17. Bxe7 Qxe7 18. f3 Bg6 19. Qe3 h6 20. Ra2 Rf7 21. Raf2 Qd7 22. Ra2 Raf8 23. Raa1 Bxe4 24. Qxe4 Rf4 25. Qe2 Qf5 26. Rae1 Qc8 27. g3 R4f6 28. Qe4 Qe8 29. Ra1 Qg6 30. Qxg6 Rxg6 31. Rae1 Rgf6 32. Kg2 g5 33. Re4 Kh7 34. h3 h5 35. g4 h4 36. Rf2 Kg6 37. Rf1 Rf4 38. Rf2 Kf7 39. Rf1 Ke7 40. Rf2 Kd7 41. Rf1 c6 42. dxc6+ Kxc6 43. Rxf4 Rxf4 44. Rb1 Rxc4 45. Rb3 Rxa4 46. Kf2 Kc5 47. Ke3 d5 48. Kd3 Rf4 49. Ke3 b5 50. Ra3 a4 51. Ra2 Kc4 52. Ra3 d4+ 53. cxd4 exd4+ 54. Kd2 Kb4 55. Rd3 a3 0-1

[Event "Scarborough CC Winter End U1800"]
[Site "Toronto CAN"]
[Date "2012.03.01"]
[Round "3"]
[White "Maister, Martin"]
[Black "Armstrong, Robert J"]
[Result "0-1"]
[WhiteElo "1711"]
[BlackElo "1666"]
[PlyCount "92"]
[GameId "2160767909576465"]
[EventDate "2012.02.16"]
[EventType "swiss"]
[EventRounds "5"]
[EventCountry "CAN"]
[SourceTitle "EXT 2022"]
[Source "ChessBase"]
[SourceDate "2021.10.06"]
[SourceVersion "1"]
[SourceVersionDate "2021.10.06"]
[SourceQuality "1"]

1. c4 g6 2. Nf3 Bg7 3. d4 c5 4. g3 Qb6 5. e3 Nc6 6. Nc3 cxd4 7. Nd5 Qd8 8. exd4 e6 9. Nc3 a6 10. Bg2 Nge7 11. O-O O-O 12. Be3 Nf5 13. Rb1 Nxe3 14. fxe3 d6 15. Qd2 Bd7 16. Rfd1 Rb8 17. Ne4 Qe7 18. Nf2 h5 19. e4 Rbd8 20. d5 exd5 21. exd5 Ne5 22. Rf1 Nxc4 23. Qb4 b5 24. Rbe1 Ne5 25. Nxe5 Bxe5 26. Nd3 Qg5 27. Nxe5 dxe5 28. Qc3 Rde8 29. h4 Qe7 30. Kh2 b4 31. Qd2 Kh7 32. d6 Qe6 33. Rd1 a5 34. b3 f5 35. Bd5 Qf6 36. Rc1 f4 37. Rc7 Qf5 38. Rxd7+ Qxd7 39. gxf4 Qg4 40. Qd3 Qxh4+ 41. Kg1 Rxf4 42. Rxf4 exf4 43. d7 Re1+ 44. Kg2 Qh1+ 45. Kf2 Qg1+ 46. Kf3 Qg3# 0-1

[Event "Scarborough CC Winter End U1800"]
[Site "Toronto CAN"]
[Date "2012.03.01"]
[Round "3"]
[White "Radpey, Abdolreza"]
[Black "Termeer, Ted"]
[Result "1-0"]
[WhiteElo "1506"]
[BlackElo "1352"]
[PlyCount "61"]
[GameId "2160767909576466"]
[EventDate "2012.02.16"]
[EventType "swiss"]
[EventRounds "5"]
[EventCountry "CAN"]
[SourceTitle "EXT 2022"]
[Source "ChessBase"]
[SourceDate "2021.10.06"]
[SourceVersion "1"]
[SourceVersionDate "2021.10.06"]
[SourceQuality "1"]

1. Nf3 Nf6 2. c4 e6 3. Nc3 d5 4. cxd5 Nxd5 5. e4 Nxc3 6. bxc3 a6 7. Bb2 Be7 8. d4 O-O 9. Bd3 f6 10. Qc2 g6 11. Bc1 Kg7 12. h4 Rh8 13. h5 g5 14. h6+ Kg8 15. Be3 Nd7 16. g4 Nf8 17. e5 Kf7 18. Rh5 Ng6 19. exf6 Bxf6 20. Nxg5+ Bxg5 21. Bxg5 Qe8 22. O-O-O e5 23. Bc4+ Kf8 24. Qe4 Qc6 25. d5 Qd6 26. Be3 Nf4 27. Rxe5 Qa3+ 28. Kb1 Ng6 29. Re8+ Kf7 30. d6+ Kf6 31. g5# 1-0

[Event "Scarborough CC Winter End U1800"]
[Site "Toronto CAN"]
[Date "2012.03.01"]
[Round "3"]
[White "Smith, Maurice"]
[Black "Zhao, Harry"]
[Result "0-1"]
[WhiteElo "1496"]
[BlackElo "1349"]
[PlyCount "126"]
[GameId "2160767909576467"]
[EventDate "2012.02.16"]
[EventType "swiss"]
[EventRounds "5"]
[EventCountry "CAN"]
[SourceTitle "EXT 2022"]
[Source "ChessBase"]
[SourceDate "2021.10.06"]
[SourceVersion "1"]
[SourceVersionDate "2021.10.06"]
[SourceQuality "1"]

1. d4 d5 2. c4 e6 3. Nc3 Nf6 4. Bg5 Be7 5. Nf3 Nbd7 6. e3 O-O 7. Bd3 b6 8. O-O Bb7 9. cxd5 Nxd5 10. Bxe7 Qxe7 11. Rc1 Rac8 12. Nxd5 Bxd5 13. b3 Bb7 14. Qe2 Nf6 15. Rc2 Rfd8 16. Rfc1 Nd5 17. Rc3 Nxc3 18. Rxc3 c5 19. dxc5 Rxc5 20. Rxc5 Qxc5 21. Bc4 b5 22. Bd3 Qc1+ 23. Qe1 Qxe1+ 24. Nxe1 Bc6 25. h3 e5 26. e4 Rd4 27. f3 a5 28. Kf2 a4 29. Ke3 axb3 30. axb3 Rd8 31. Nc2 Rb8 32. Nb4 Bd7 33. Nd5 Be6 34. Ne7+ Kh8 35. Nc6 Rb6 36. Nxe5 f6 37. Ng4 Bxb3 38. e5 Be6 39. exf6 Bxg4 40. fxg7+ Kxg7 41. hxg4 b4 42. f4 b3 43. Kd2 b2 44. Bb1 Rc6 45. g3 Rc1 46. Be4 b1=Q 47. Bxb1 Rxb1 48. Ke3 h6 49. Kf3 Rb3+ 50. Kg2 Kg6 51. Kf2 Rb5 52. Kf3 h5 53. gxh5+ Rxh5 54. g4 Ra5 55. Ke4 Ra8 56. Ke3 Rh8 57. Kf3 Rh3+ 58. Kg2 Ra3 59. Kf2 Kf6 60. Kg2 Ke6 61. Kf2 Kd5 62. g5 Ke6 63. g6 Kf6 0-1

[Event "Scarborough CC Winter End U1800"]
[Site "Toronto CAN"]
[Date "2012.03.01"]
[Round "3"]
[White "Super, Russell"]
[Black "Veecock, Carl"]
[Result "1/2-1/2"]
[WhiteElo "1427"]
[BlackElo "1361"]
[PlyCount "71"]
[GameId "2160767909576468"]
[EventDate "2012.02.16"]
[EventType "swiss"]
[EventRounds "5"]
[EventCountry "CAN"]
[SourceTitle "EXT 2022"]
[Source "ChessBase"]
[SourceDate "2021.10.06"]
[SourceVersion "1"]
[SourceVersionDate "2021.10.06"]
[SourceQuality "1"]

1. e4 c6 2. d4 d5 3. e5 e6 4. Nf3 Ne7 5. c3 Nd7 6. Be2 Ng6 7. O-O c5 8. b3 cxd4 9. cxd4 Be7 10. Nc3 O-O 11. Bb2 Nb6 12. Rc1 Bd7 13. Bd3 Nf4 14. Qd2 Nxd3 15. Qxd3 Rc8 16. Rc2 f5 17. Rfc1 Bg5 18. Nxg5 Qxg5 19. Ba3 Rf7 20. Nb5 Rxc2 21. Rxc2 Bxb5 22. Qxb5 Qd8 23. Qd3 Rc7 24. g3 Rxc2 25. Qxc2 Qc8 26. Qxc8+ Nxc8 27. Kf1 Kf7 28. Ke2 b5 29. Bb4 a6 30. Kd3 Na7 31. Ba3 Nc6 32. Kc3 g5 33. f3 h5 34. h3 Kg6 35. g4 h4 36. Bc5 1/2-1/2

[Event "Scarborough CC Winter End U1800"]
[Site "Toronto CAN"]
[Date "2012.03.01"]
[Round "3"]
[White "Thanabalachandran, Kajan"]
[Black "Verde, Pino"]
[Result "1-0"]
[WhiteElo "1549"]
[BlackElo "1607"]
[PlyCount "91"]
[GameId "2160767909576469"]
[EventDate "2012.02.16"]
[EventType "swiss"]
[EventRounds "5"]
[EventCountry "CAN"]
[SourceTitle "EXT 2022"]
[Source "ChessBase"]
[SourceDate "2021.10.06"]
[SourceVersion "1"]
[SourceVersionDate "2021.10.06"]
[SourceQuality "1"]

1. e4 d6 2. d4 g6 3. Nf3 Bg7 4. Nc3 Nf6 5. Bc4 O-O 6. O-O c6 7. a4 a5 8. h3 Nxe4 9. Nxe4 d5 10. Bd3 dxe4 11. Bxe4 Nd7 12. c3 Nf6 13. Bc2 Nd5 14. Re1 Qc7 15. Qe2 Bd7 16. Ne5 Be6 17. Bg5 Rae8 18. Bh4 Nf4 19. Qf3 Nd5 20. Bg3 Qb6 21. Nc4 Qd8 22. Be5 f6 23. Bg3 Qc8 24. Nxa5 Nb6 25. Re2 Kh8 26. Rae1 Bd5 27. Qd3 Qa8 28. b4 e5 29. dxe5 f5 30. f4 Be4 31. Qe3 Nd5 32. Qd2 Rd8 33. c4 Bxc2 34. cxd5 Bxa4 35. d6 Bb5 36. Re3 Qa7 37. Bf2 Qb8 38. Nb3 Bc4 39. Rc3 Bd5 40. Bb6 Rd7 41. Nc5 Rdf7 42. e6 Bxc3 43. Qxc3+ Rg7 44. Nd7 Qe8 45. Nxf8 Qxf8 46. e7 1-0

[Event "Scarborough CC Winter End U1800"]
[Site "Toronto CAN"]
[Date "2012.03.01"]
[Round "3"]
[White "Ward, Dean"]
[Black "Zhao, Yanchun"]
[Result "0-1"]
[WhiteElo "1743"]
[BlackElo "1306"]
[PlyCount "120"]
[GameId "2160767909576470"]
[EventDate "2012.02.16"]
[EventType "swiss"]
[EventRounds "5"]
[EventCountry "CAN"]
[SourceTitle "EXT 2022"]
[Source "ChessBase"]
[SourceDate "2021.10.06"]
[SourceVersion "1"]
[SourceVersionDate "2021.10.06"]
[SourceQuality "1"]

1. d4 d5 2. c4 e6 3. Nc3 Nf6 4. Bg5 Be7 5. e3 Nbd7 6. Nf3 O-O 7. cxd5 exd5 8. Bd3 h6 9. Bh4 c5 10. dxc5 Nxc5 11. Bc2 Be6 12. O-O Qd6 13. Bg3 Qd8 14. Nd4 Bg4 15. f3 Bd7 16. a3 a6 17. b4 Ne6 18. Nf5 Ng5 19. Nxe7+ Qxe7 20. Re1 Bc6 21. Qd3 g6 22. h4 Ngh7 23. Bf2 Rfe8 24. Ba4 b5 25. Bb3 Red8 26. Qe2 Qe5 27. Rac1 Bb7 28. f4 Qe6 29. e4 Nxe4 30. Nxe4 Qxe4 31. Qxe4 dxe4 32. Rc7 Bd5 33. Bxd5 Rxd5 34. Rxe4 Nf6 35. Re1 Rad8 36. Rc6 R8d6 37. Rxd6 Rxd6 38. g3 Rd3 39. Re3 Rxe3 40. Bxe3 Ne4 41. Kg2 f5 42. Kf3 h5 43. Kg2 Kf7 44. Bf2 Ke6 45. Be1 Kd5 46. Kf3 Kd4 47. Ke2 Kc4 48. Ke3 Nc3 49. Bxc3 Kxc3 50. Ke2 Kb3 51. Kd3 Kxa3 52. Kc3 Ka4 53. Kd4 Kxb4 54. Ke5 Kc5 55. Kf6 b4 56. Kxg6 b3 57. Kxf5 b2 58. Kg5 b1=Q 59. Kxh5 Qh7+ 60. Kg4 Qg6+ 0-1

[Event "Scarborough CC Winter End U1800"]
[Site "Toronto CAN"]
[Date "2012.03.08"]
[Round "4"]
[White "Aghamalian, Derick"]
[Black "Zhao, Harry"]
[Result "1/2-1/2"]
[WhiteElo "1635"]
[BlackElo "1349"]
[PlyCount "116"]
[GameId "2160767909576471"]
[EventDate "2012.02.16"]
[EventType "swiss"]
[EventRounds "5"]
[EventCountry "CAN"]
[SourceTitle "EXT 2022"]
[Source "ChessBase"]
[SourceDate "2021.10.06"]
[SourceVersion "1"]
[SourceVersionDate "2021.10.06"]
[SourceQuality "1"]

1. e4 c5 2. Nf3 Nc6 3. d4 cxd4 4. Nxd4 Nf6 5. Nc3 e5 6. Ndb5 a6 7. Nd6+ Bxd6 8. Qxd6 Qe7 9. Qxe7+ Nxe7 10. f3 h6 11. Bc4 b5 12. Bb3 Bb7 13. Be3 Rc8 14. O-O d5 15. exd5 Nexd5 16. Nxd5 Bxd5 17. Rfd1 Bxb3 18. cxb3 Ke7 19. Rd2 Rhd8 20. Rad1 Rxd2 21. Rxd2 Rc6 22. b4 Ke6 23. Re2 Rc4 24. a3 Nd7 25. Kf2 f5 26. h3 f4 27. Bd2 Rc2 28. Bc3 Rxe2+ 29. Kxe2 Kf5 30. Kd3 Nb6 31. b3 Nd5 32. Bd2 Nb6 33. Be1 Nd5 34. Bf2 g5 35. Bc5 h5 36. Bf2 Ne7 37. Be1 Nc6 38. Bf2 Ne7 39. Bc5 Ng6 40. Bf2 g4 41. hxg4+ hxg4 42. fxg4+ Kxg4 43. Ke4 Kg5 44. g3 Kf6 45. gxf4 Nxf4 46. Bh4+ Ke6 47. Bg3 Kd6 48. Bxf4 exf4 49. Kxf4 Kd5 50. Ke3 Ke5 51. Kd3 Kd5 52. Kc3 Ke4 53. Kc2 Kd4 54. Kd2 Ke4 55. Kc3 Kd5 56. a4 Ke5 57. Kd3 Kd5 58. Kc3 Ke4 1/2-1/2

[Event "Scarborough CC Winter End U1800"]
[Site "Toronto CAN"]
[Date "2012.03.08"]
[Round "4"]
[White "Bellomo, Joe"]
[Black "Kurkowski, Ken"]
[Result "1/2-1/2"]
[WhiteElo "1559"]
[BlackElo "1598"]
[PlyCount "84"]
[GameId "2160767909576472"]
[EventDate "2012.02.16"]
[EventType "swiss"]
[EventRounds "5"]
[EventCountry "CAN"]
[SourceTitle "EXT 2022"]
[Source "ChessBase"]
[SourceDate "2021.10.06"]
[SourceVersion "1"]
[SourceVersionDate "2021.10.06"]
[SourceQuality "1"]

1. e4 e5 2. Nf3 Nc6 3. Bb5 a6 4. Ba4 Nf6 5. d3 b5 6. Bb3 Bc5 7. c3 Bb6 8. O-O O-O 9. Bg5 d6 10. Nbd2 Bb7 11. a4 Na5 12. Bc2 c5 13. b4 cxb4 14. cxb4 Nc6 15. a5 Ba7 16. Rb1 Rc8 17. Be3 Bxe3 18. fxe3 Rc7 19. Ne1 Qe7 20. Rf3 Rfc8 21. Nf1 d5 22. Ng3 Nxb4 23. Nf5 Qc5 24. d4 Qf8 25. dxe5 Nxe4 26. Bxe4 dxe4 27. Rg3 g6 28. Nd6 Nc6 29. Nxc8 Bxc8 30. Rc1 Qe7 31. Qc2 Qxe5 32. Qc5 Qxc5 33. Rxc5 Bb7 34. h4 Rd7 35. Nc2 Rd1+ 36. Kh2 Rd2 37. h5 Kg7 38. hxg6 hxg6 39. Ne1 Nxa5 40. Nc2 Nc6 41. Rg4 Nb4 42. Nxb4 a5 1/2-1/2

[Event "Scarborough CC Winter End U1800"]
[Site "Toronto CAN"]
[Date "2012.03.08"]
[Round "4"]
[White "Guo, Tan"]
[Black "Dattani, Dinesh"]
[Result "1-0"]
[WhiteElo "1642"]
[BlackElo "1312"]
[PlyCount "71"]
[GameId "2160767909576473"]
[EventDate "2012.02.16"]
[EventType "swiss"]
[EventRounds "5"]
[EventCountry "CAN"]
[SourceTitle "EXT 2022"]
[Source "ChessBase"]
[SourceDate "2021.10.06"]
[SourceVersion "1"]
[SourceVersionDate "2021.10.06"]
[SourceQuality "1"]

1. e4 e5 2. Nf3 d6 3. d4 exd4 4. Nxd4 Be7 5. Be2 Nf6 6. Nc3 O-O 7. O-O c6 8. Be3 Nbd7 9. f3 Ne5 10. Qd2 Qc7 11. Rad1 Re8 12. Rfe1 Bf8 13. Bf1 a6 14. Nce2 b5 15. Ng3 Nc4 16. Bxc4 bxc4 17. Ndf5 Rd8 18. e5 Nd5 19. exd6 Bxd6 20. Nxd6 Rxd6 21. Bf4 Qb6+ 22. Qd4 Qxd4+ 23. Rxd4 Rd8 24. Rxc4 Be6 25. Bg5 Rdb8 26. b3 Nb4 27. Rc5 Rb5 28. Ne4 Bd5 29. c4 Nd3 30. cxb5 Nxe1 31. bxc6 Nd3 32. Rxd5 Nb4 33. Rc5 Nd3 34. Rc3 Nb4 35. c7 Rc8 36. Nd6 1-0

[Event "Scarborough CC Winter End U1800"]
[Site "Toronto CAN"]
[Date "2012.03.08"]
[Round "4"]
[White "Liang, Phillip"]
[Black "Gillis, Doug"]
[Result "1/2-1/2"]
[WhiteElo "1532"]
[BlackElo "1612"]
[PlyCount "103"]
[GameId "2160767909576474"]
[EventDate "2012.02.16"]
[EventType "swiss"]
[EventRounds "5"]
[EventCountry "CAN"]
[SourceTitle "EXT 2022"]
[Source "ChessBase"]
[SourceDate "2021.10.06"]
[SourceVersion "1"]
[SourceVersionDate "2021.10.06"]
[SourceQuality "1"]

1. d4 e6 2. Nf3 d5 3. c4 Bb4+ 4. Bd2 Bxd2+ 5. Nbxd2 Nf6 6. e3 O-O 7. Rc1 Nc6 8. a3 Re8 9. cxd5 exd5 10. Bd3 Bg4 11. Qb3 Rb8 12. O-O Qd6 13. h3 Bh5 14. Nh4 Bg6 15. Nxg6 hxg6 16. Qc2 Re7 17. Nb3 Ne4 18. Bxe4 Rxe4 19. Nc5 Re7 20. Nxb7 Rxb7 21. Qxc6 Qxc6 22. Rxc6 Rxb2 23. Ra6 Rb7 24. Ra5 c6 25. Rc5 Rb3 26. a4 Ra3 27. a5 Rb7 28. Rfc1 Rb2 29. R5c2 Rxc2 30. Rxc2 Rxa5 31. Rxc6 Ra1+ 32. Kh2 a5 33. Rc5 a4 34. Rxd5 a3 35. Ra5 Kf8 36. e4 a2 37. e5 Rd1 38. Rxa2 Rxd4 39. Re2 Ke7 40. Kg3 Ke6 41. f4 Rd3+ 42. Kg4 Rd1 43. g3 Rd3 44. h4 Rc3 45. Rg2 f6 46. exf6 gxf6 47. h5 gxh5+ 48. Kxh5 Kf5 49. Kh4 Rc8 50. g4+ Kxf4 51. Rf2+ Ke5 52. Re2+ 1/2-1/2

[Event "Scarborough CC Winter End U1800"]
[Site "Toronto CAN"]
[Date "2012.03.08"]
[Round "4"]
[White "Mahendran, Sujeev"]
[Black "Maister, Martin"]
[Result "0-1"]
[WhiteElo "1625"]
[BlackElo "1711"]
[PlyCount "110"]
[GameId "2160767909576475"]
[EventDate "2012.02.16"]
[EventType "swiss"]
[EventRounds "5"]
[EventCountry "CAN"]
[SourceTitle "EXT 2022"]
[Source "ChessBase"]
[SourceDate "2021.10.06"]
[SourceVersion "1"]
[SourceVersionDate "2021.10.06"]
[SourceQuality "1"]

1. d4 g6 2. c4 Bg7 3. Nf3 c5 4. d5 b5 5. e4 bxc4 6. Bxc4 d6 7. Qb3 Nd7 8. Nc3 Ngf6 9. Bd2 Rb8 10. Qc2 O-O 11. O-O Ng4 12. h3 Nde5 13. Nxe5 Nxe5 14. Be2 f5 15. f3 c4 16. Rab1 fxe4 17. fxe4 Rxf1+ 18. Bxf1 Qb6+ 19. Kh1 Qf2 20. Be2 Bxh3 21. gxh3 Nf3 22. Bf4 Ne1 23. Rxe1 Qxe1+ 24. Kg2 Bd4 25. Bf1 Rf8 26. Qe2 Bxc3 27. Be3 Qxe2+ 28. Bxe2 Bxb2 29. Bxc4 a5 30. a4 Bc3 31. Bb5 Rf7 32. Bd7 Kg7 33. Be6 Rf8 34. Bg5 Bf6 35. Bd2 Ra8 36. Bd7 Bd4 37. Bg5 Ra7 38. Bc6 h6 39. Bd2 g5 40. Kf3 Kf6 41. h4 gxh4 42. Bxh6 h3 43. Kg3 e6 44. Kxh3 Rh7 45. Kg4 Rxh6 46. dxe6 Kxe6 47. Bd5+ Ke5 48. Kf3 Rf6+ 49. Ke2 Rf2+ 50. Kd3 Bc5 51. Bc6 Bb4 52. Bd5 Rd2+ 53. Kc4 Rd4+ 54. Kb3 Rxd5 55. exd5 Kxd5 0-1

[Event "Scarborough CC Winter End U1800"]
[Site "Toronto CAN"]
[Date "2012.03.08"]
[Round "4"]
[White "Sharpe, Michael"]
[Black "Pishdad, Hassan"]
[Result "0-1"]
[WhiteElo "1630"]
[BlackElo "1348"]
[PlyCount "52"]
[GameId "2160767909576476"]
[EventDate "2012.02.16"]
[EventType "swiss"]
[EventRounds "5"]
[EventCountry "CAN"]
[SourceTitle "EXT 2022"]
[Source "ChessBase"]
[SourceDate "2021.10.06"]
[SourceVersion "1"]
[SourceVersionDate "2021.10.06"]
[SourceQuality "1"]

1. e4 c5 2. Nf3 d6 3. d4 cxd4 4. Nxd4 Nf6 5. Nc3 e5 6. Nb3 a6 7. Be2 Be7 8. a4 Be6 9. Be3 Bxb3 10. cxb3 Nc6 11. O-O O-O 12. Rc1 Nb4 13. f4 Qa5 14. Qe1 Qd8 15. Qg3 Re8 16. fxe5 dxe5 17. Bc4 h6 18. Bxh6 Bf8 19. Bg5 Be7 20. Rf3 Rf8 21. Rcf1 Nh5 22. Qxe5 Bxg5 23. Rxf7 Rxf7 24. Bxf7+ Kh8 25. Bxh5 Nc6 26. Bf7 Nxe5 0-1

[Event "Scarborough CC Winter End U1800"]
[Site "Toronto CAN"]
[Date "2012.03.08"]
[Round "4"]
[White "Super, Russell"]
[Black "Smith, Maurice"]
[Result "1/2-1/2"]
[WhiteElo "1427"]
[BlackElo "1496"]
[PlyCount "140"]
[GameId "2160767909576477"]
[EventDate "2012.02.16"]
[EventType "swiss"]
[EventRounds "5"]
[EventCountry "CAN"]
[SourceTitle "EXT 2022"]
[Source "ChessBase"]
[SourceDate "2021.10.06"]
[SourceVersion "1"]
[SourceVersionDate "2021.10.06"]
[SourceQuality "1"]

1. e4 c5 2. Nf3 d6 3. d4 cxd4 4. Nxd4 Nf6 5. Nc3 g6 6. Be2 Bg7 7. h3 O-O 8. O-O Bd7 9. Be3 Nc6 10. Qd2 Rc8 11. Nb3 a6 12. a4 Ne5 13. f4 Nc4 14. Bxc4 Rxc4 15. Qd3 Rc8 16. Kh1 Bc6 17. Nd2 Qc7 18. Nf3 Rfd8 19. Nd4 Be8 20. f5 Qc4 21. Rad1 Qxd3 22. cxd3 Bc6 23. Rd2 Nd7 24. fxg6 hxg6 25. Nf3 Ne5 26. Ng5 Rf8 27. Rdf2 Bf6 28. d4 Nc4 29. Bc1 Rce8 30. b3 Nb6 31. e5 dxe5 32. dxe5 Bxe5 33. Nce4 Bd5 34. Nf3 Bg7 35. Nc5 Rd8 36. Re1 e6 37. Bg5 Rc8 38. b4 Bc3 39. Bd2 Bg7 40. Ne5 Nc4 41. Nxc4 Bxc4 42. Nd7 Rfd8 43. Ne5 Bxe5 44. Rxe5 Rd5 45. Rxd5 Bxd5 46. Be3 Rc3 47. Bc5 a5 48. Rb2 Bc6 49. b5 Bd5 50. Bb6 Ra3 51. Bxa5 Rxa4 52. Bc3 Ra3 53. Bb4 Rxh3+ 54. Kg1 Rb3 55. Rxb3 Bxb3 56. b6 e5 57. Bc5 f5 58. Kf2 Kf7 59. Ke3 Bd5 60. g3 g5 61. Kf2 Ke6 62. Be3 Bc4 63. Bxg5 Kd5 64. Kg2 Bd3 65. Kf2 Ke4 66. Bd8 Kd5 67. Bc7 Ke4 68. Bd6 f4 69. gxf4 exf4 70. Bc7 f3 1/2-1/2

[Event "Scarborough CC Winter End U1800"]
[Site "Toronto CAN"]
[Date "2012.03.08"]
[Round "4"]
[White "Thornton, Bill"]
[Black "Thanabalachandran, Kajan"]
[Result "1-0"]
[WhiteElo "1456"]
[BlackElo "1549"]
[PlyCount "88"]
[GameId "2160767909576478"]
[EventDate "2012.02.16"]
[EventType "swiss"]
[EventRounds "5"]
[EventCountry "CAN"]
[SourceTitle "EXT 2022"]
[Source "ChessBase"]
[SourceDate "2021.10.06"]
[SourceVersion "1"]
[SourceVersionDate "2021.10.06"]
[SourceQuality "1"]

1. d4 e6 2. c4 Nf6 3. Nc3 Bb4 4. Nf3 O-O 5. Bf4 b6 6. e3 Bb7 7. Rc1 d5 8. Bd3 Nbd7 9. O-O h6 10. Re1 Re8 11. a3 Be7 12. cxd5 Nxd5 13. Nxd5 Bxd5 14. Bxc7 Qc8 15. e4 Bb7 16. Bxb6 Qb8 17. Bc7 Qc8 18. e5 Ba6 19. Be4 Bb7 20. Bd6 Nc5 21. Rxc5 Qd7 22. Rc7 Qd8 23. Bxb7 Bxd6 24. exd6 Rb8 25. Qc2 Qxd6 26. Rc8 Qb6 27. Rxe8+ Rxe8 28. Be4 Rb8 29. b4 Qa6 30. Rc1 f5 31. Bxf5 exf5 32. Qc4+ Qxc4 33. Rxc4 a5 34. Kf1 a4 35. Ke2 Kf7 36. Kd3 Ke6 37. Rc5 Ra8 38. Kc4 g5 39. d5+ Kd6 40. Rc6+ Kd7 41. Ne5+ Ke7 42. Rxh6 f4 43. Rg6 g4 44. Rxg4 f3 1-0

[Event "Scarborough CC Winter End U1800"]
[Site "Toronto CAN"]
[Date "2012.03.08"]
[Round "4"]
[White "Verde, Pino"]
[Black "Graham, John"]
[Result "0-1"]
[WhiteElo "1607"]
[BlackElo "1446"]
[PlyCount "76"]
[GameId "2160767909576479"]
[EventDate "2012.02.16"]
[EventType "swiss"]
[EventRounds "5"]
[EventCountry "CAN"]
[SourceTitle "EXT 2022"]
[Source "ChessBase"]
[SourceDate "2021.10.06"]
[SourceVersion "1"]
[SourceVersionDate "2021.10.06"]
[SourceQuality "1"]

1. g3 Nf6 2. Bg2 Nc6 3. c4 e6 4. Nc3 Be7 5. e3 O-O 6. Nh3 d5 7. cxd5 exd5 8. Nf4 d4 9. Ncd5 Nxd5 10. Nxd5 Bc5 11. Qh5 Bd6 12. Be4 f5 13. Bc2 Nb4 14. Nxb4 Bxb4 15. Bb3+ Kh8 16. Bf7 Qf6 17. Bb3 Be6 18. Bc2 Rae8 19. O-O Rd8 20. exd4 Rxd4 21. d3 Rg4 22. h3 Rg6 23. Bb3 Bxb3 24. axb3 a5 25. Qf3 b6 26. Rd1 Bc5 27. Ra4 Bb4 28. d4 f4 29. g4 h5 30. Kg2 hxg4 31. hxg4 Qg5 32. Rh1+ Kg8 33. Kf1 Qxg4 34. Qd5+ Qe6 35. Qxe6+ Rxe6 36. Kg2 f3+ 37. Kg3 Rg6+ 38. Kh3 Kf7 0-1

[Event "Scarborough CC Winter End U1800"]
[Site "Toronto CAN"]
[Date "2012.03.08"]
[Round "4"]
[White "Ward, Dean"]
[Black "Azmitia, Gabriel"]
[Result "1-0"]
[WhiteElo "1743"]
[BlackElo "1573"]
[PlyCount "125"]
[GameId "2160767909576480"]
[EventDate "2012.02.16"]
[EventType "swiss"]
[EventRounds "5"]
[EventCountry "CAN"]
[SourceTitle "EXT 2022"]
[Source "ChessBase"]
[SourceDate "2021.10.06"]
[SourceVersion "1"]
[SourceVersionDate "2021.10.06"]
[SourceQuality "1"]

1. d4 d5 2. c4 e6 3. Nc3 Nf6 4. Bg5 Be7 5. e3 c6 6. Bd3 dxc4 7. Bxc4 O-O 8. Nge2 Nbd7 9. Qd3 b6 10. O-O Bb7 11. Bb3 Nc5 12. Qc2 Nxb3 13. Qxb3 Rc8 14. h3 Qc7 15. Bf4 Qd7 16. Rfd1 Rfd8 17. Be5 Ba8 18. Ng3 Qb7 19. Nge4 Nxe4 20. Nxe4 c5 21. f3 c4 22. Qc2 b5 23. Qf2 f6 24. Bf4 Qd7 25. Qc2 a6 26. Nc5 Qc6 27. Qe4 Qxe4 28. Nxe4 Bxe4 29. fxe4 c3 30. bxc3 Rxc3 31. Kf2 Rdc8 32. Kf3 Rc2 33. d5 e5 34. Bg3 Bd6 35. Be1 b4 36. Rdb1 a5 37. a3 R2c4 38. axb4 axb4 39. Ra6 Rd8 40. Rb6 Bc5 41. Rb5 Bd6 42. Bxb4 Bxb4 43. R5xb4 Rc7 44. Rb8 Rcd7 45. Rxd8+ Rxd8 46. g4 g5 47. Rb7 Rd6 48. Ke2 Ra6 49. Kd3 Ra3+ 50. Kd2 Ra2+ 51. Kc3 Ra3+ 52. Rb3 Ra4 53. Rb4 Ra3+ 54. Rb3 Ra4 55. d6 Kf8 56. Rb8+ Kf7 57. Rb7+ Ke8 58. Rxh7 Rxe4 59. Kd2 Rc4 60. Re7+ Kd8 61. Re6 Kd7 62. Rxf6 Rc5 63. Kd3 1-0